000 00967nac a22003017a 4500
001 BR0806297
003 BR-BrBNA
005 20240105123700.0
008 230509b bl.|||m| |||| 00| 0 por d
040 _aBR-BrBNA
_bpor
_cBiblioteca Nacional de Agricultura
072 _aF01
090 _a1950 BR0806297
100 1 _aCamarão, A.P.
100 1 _aSouza Filho, A.P. da S.
100 1 _aAzevedo, G.P.C. de
110 1 _aEMBRAPA Amazônia Oriental, Belém, PA (Brasil)
245 1 _aPecuária (Pueraria phaseoloides); uma leguminosa forrageira para a Região Amazônica
260 3 _aBelém, PA (Brasil):
_c2005.
300 _a50 p.
490 _aDocumentos - EMBRAPA Amazônia Oriental (Brazil)
_vno. 210
_xISSN 1517-2201
500 _aBibliography p. 40-50
650 _aKUDZU
650 _aLEGUMINOSA FORRAGEIRA
650 _aPRÁTICA CULTURAL
650 _aAMAZÔNIA
909 _a202312
_bLúcia Elande
_c55
_dLúcia Elande
942 _2AGRIS
_n0
_cMS
999 _c296521
_d296521